| 000 | 00980cam a2200301 i 4500 | ||
|---|---|---|---|
| 005 | 20260322212100.0 | ||
| 008 | data | ||
| 010 | _a 80050940 | ||
| 020 |
_a0307155102 : _c{dollar}5.95 |
||
| 020 |
_a9780307155108 : _c{dollar}5.95 |
||
| 040 |
_aDLC _cDLC _dDLC |
||
| 042 | _alcac | ||
| 050 | 0 | 0 |
_aPE1449 _b.S29 1980 |
| 082 | 0 | 0 |
_a[E] _219 |
| 099 | _aRE | ||
| 100 | 1 | _aScarry, Richard. | |
| 240 | 1 | 0 | _aBest word book ever |
| 245 | 1 | 0 |
_aRichard Scarry's Best word book ever. _cRichard Scarry. |
| 250 | _a1st rev. ed. | ||
| 260 |
_aNew York : _bGolden Press, _c1980. |
||
| 300 |
_a71 p. : _bcol. ill. ; _c31 cm. |
||
| 520 | _aA pictorial vocabulary book with words grouped under common activities such as mealtime and basic concepts such as weather. | ||
| 650 | 0 |
_aVocabulary _xJuvenile literature. |
|
| 650 | 1 | _aVocabulary. | |
| 740 | 0 | _aBest word book ever. | |
| 856 | 4 | 2 |
_3Publisher description _uhttp://www.loc.gov/catdir/enhancements/fy1110/80050940-d.html |
| 001 | data | ||
| 999 |
_c1435 _d1435 |
||